00740 2200205 4500001002100000005001700021008004100038035002400079040001200103082001200115090001700127100002300144245019100167260005200358300002600410500004200436650002600478850001200504990001800516INLIS00000000002244720160908113843.0  0010-091600000000219 aYOPDYOG 223a374 aSK 374 Puj S aPUJI YANTI FAUZIAH aStudi evaluatif peran pamong dan warga belajar dalam pelaksanaan program kejar paket B setara SLTP di Kecamatan Pajangan Kabupaten Bantul Daerah Istimewa Yogyakartac/ Puji Yanti Fauziah aYogyakartabUniversitas Negeri Yogyakartac2003 axi, 85 hlm.c; 30 cm. aSkripsi Universitas Negeri Yogyakarta aPendidikan masyarakat aYOPDYOG a45405-PD/A.12